সত্যের সাধক হজরত আবুজর গিফারী (রা.) / (Record no. 18803)
[ view plain ]
| 000 -LEADER | |
|---|---|
| fixed length control field | 00886nam a22002057a 4500 |
| 003 - CONTROL NUMBER IDENTIFIER | |
| control field | BDDh-ASL |
| 005 - DATE AND TIME OF LATEST TRANSACTION | |
| control field | 20231015025734.0 |
| 008 - FIXED-LENGTH DATA ELEMENTS--GENERAL INFORMATION | |
| fixed length control field | 201025s2012 bg ||||| |||| 00| 0 b d |
| 040 ## - CATALOGING SOURCE | |
| Original cataloging agency | BDDh-ASL |
| Transcribing agency | BDDh-ASL |
| 041 ## - LANGUAGE CODE | |
| Language code of text/sound track or separate title | ben |
| 082 ## - DEWEY DECIMAL CLASSIFICATION NUMBER | |
| Classification number | 922 |
| Item number | SIS |
| 100 1# - MAIN ENTRY--PERSONAL NAME | |
| 9 (RLIN) | 1695 |
| Personal name | সিদ্দিকী, জহুরুল আলম |
| 245 10 - TITLE STATEMENT | |
| Title | সত্যের সাধক হজরত আবুজর গিফারী (রা.) / |
| 246 ## - VARYING FORM OF TITLE | |
| Title proper/short title | Shater Sadhak Jajorat Abudharr Ghifaree (Ra.) by Zahurul Alam Siddiqui |
| 260 ## - PUBLICATION, DISTRIBUTION, ETC. | |
| Place of publication, distribution, etc. | ঢাকা: |
| Name of publisher, distributor, etc. | জাতীয় গ্রন্থ প্রকাশন, |
| Date of publication, distribution, etc. | 2012. |
| 300 ## - PHYSICAL DESCRIPTION | |
| Extent | ৯৬ পৃ. : |
| Dimensions | ২২ সে. মি. |
| 600 10 - SUBJECT ADDED ENTRY--PERSONAL NAME | |
| 9 (RLIN) | 1696 |
| Personal name | গিফারী, হযরত আবজর |
| Titles and other words associated with a name | (রা.) |
| General subdivision | জীবনী |
| 650 #0 - SUBJECT ADDED ENTRY--TOPICAL TERM | |
| 9 (RLIN) | 1697 |
| Topical term or geographic name entry element | জীবনী |
| General subdivision | হযরত আবজর গিফারী (রা. ) |
| 942 ## - ADDED ENTRY ELEMENTS (KOHA) | |
| Source of classification or shelving scheme | Dewey Decimal Classification |
| Koha item type | Books |
| Withdrawn status | Lost status | Source of classification or shelving scheme | Damaged status | Not for loan | Collection code | Home library | Current library | Shelving location | Date acquired | Source of acquisition | Total Checkouts | Full call number | Barcode | Date last seen | Copy number | Price effective from | Koha item type |
|---|---|---|---|---|---|---|---|---|---|---|---|---|---|---|---|---|---|
| Dewey Decimal Classification | Non-fiction | Asiatic Society Library | Asiatic Society Library | General Stacks | 10/25/2020 | Complementary | 922 SIS | 102029 | 10/25/2020 | C-1 | 10/25/2020 | Books |